| 000 | 00850nam a2200277Ia 4500 | ||
|---|---|---|---|
| 001 | dia_2915 | ||
| 003 | CHAP | ||
| 005 | 20251021151326.0 | ||
| 008 | 220601s9999 xx 000 0 und d | ||
| 020 | _a968-24-6603-2 | ||
| 040 | _cCHAP | ||
| 082 | _a657 L37 2002 | ||
| 100 |
_aLara Flores, Elías _964839 |
||
| 245 | _aPrimer curso de contabilidad : contiene el cálculo y registro contable del IVA, ISPT, IMSS, SAR, INFONAVIT y 2% sobre nóminas / Elías Lara Flores | ||
| 250 | _a18a ed. | ||
| 260 | _aMéxico : Trillas | ||
| 300 | _a347 p. | ||
| 500 | _aReposición con material fotocopiado | ||
| 503 | _aC/e | ||
| 650 |
_a1. Contabilidad - Estudio y enseñanza _9175803 |
||
| 856 | _aÌ | ||
| 901 | _a657 L37 2002 | ||
| 902 | _aM | ||
| 905 | _a5232272002 mx mnl 8222223322spa16 | ||
| 942 |
_cLIBRO _2ddc |
||
| 999 |
_c209314 _d209314 |
||